| 000 | 00427nam a2200157Ia 4500 | ||
|---|---|---|---|
| 008 | 151213s9999 xx 000 0 und d | ||
| 100 | _aS. P. Gupta & M. P. Gupta | ||
| 245 |
_aBusiness Statistics _cS. P. Gupta & M. P. Gupta |
||
| 250 | _a14th | ||
| 260 |
_aNew Delhi _bSultan Chand & Sons _c2005 |
||
| 300 | _a3373 p. | ||
| 650 | _aStatistics | ||
| 650 | _aStatistics | ||
| 700 | _aS. P. Gupta & M. P. Gupta | ||
| 999 |
_c2271 _d2271 |
||